Holy Qur`an, a Translation With Commentary According to Shia Traditions and (Record no. 1121)

MARC details
000 -LEADER
fixed length control field 00640nam a2200241 a 4500
020 ## - INTERNATIONAL STANDARD BOOK NUMBER
ISBN
082 00 - DEWEY DECIMAL CLASSIFICATION NUMBER
Classification number 297.122521
Author Cutter HUS
100 ## - MAIN ENTRY--AUTHOR NAME
Author name Husain, A F Badshah
245 ## - TITLE STATEMENT
Title Holy Qur`an, a Translation With Commentary According to Shia Traditions and
260 ## - PUBLICATION, DISTRIBUTION, ETC. (IMPRINT)
Place of publication Lucknow
Name of publisher Muslim Press
Year of publication 1931
300 ## - PHYSICAL DESCRIPTION
Number of Pages 236p.
500 ## - GENERAL NOTE
General note includes index and biblioraphy
505 2# - FORMATTED CONTENTS NOTE
Formatted contents note Index
650 ## - SUBJECT ADDED ENTRY--TOPICAL TERM
Topical Term Quran-Translation-English
942 ## - ADDED ENTRY ELEMENTS (KOHA)
Koha item type Books
700 1# -
-- Husain, A F Badshah
Holdings
Collection code Home library Current library Date acquired Cost, normal purchase price Full call number Accession Number Koha item type
  Henry Martyn Institute Library Henry Martyn Institute Library 07/31/2007 100.00 297.122521 HUS 094 Books
                   Copyright © 2026 | Henry Martyn Institute | Hyderabad | TS-500052 | INDIA | Implemented by hmi.edu.in
Hit-Count:

Powered by Koha